00946nam a2200277Ia 450000500170000000800410001702000150005808200180007310000170009124500800010825000230018830000670021149000200027850000210029850400270031965000430034665000310038965000350042065000260045570000310048126400330051233600270054533700330057233800280060504000350063320220317000551.0160601s2003 sp a g 000 0 spa  a843422282504a745.51 bP17d1 aPascual, Eva10aDecoración de la madera cTextos Eva Pascual ; ilustraciones Antoni Vidal aSegunda edición  a160 páginas bilustraciones a color y fotografías c31 cm  aArtes y oficios aIncluye glosario aIncluye bibliografía142LEMB aDecoración y ornamentación 142LEMB aTrabajos en madera 142LEMB aIndustria de la madera 142LEMB aCarpintería 1 aVidal, Antonieilustrador  aBarcelona bParramónc2003 atextobtxt2rdacontent asin mediaciónbn2rdamedia avolumenbnc2rdacarrier aCO-BoRNBPbspaerdacCO-BoRNBP